| 000 | 00532nam a22001697a 4500 | ||
|---|---|---|---|
| 003 | OSt | ||
| 005 | 20240526061842.0 | ||
| 008 | 240526b |||||||| |||| 00| 0 eng d | ||
| 020 | _a9781350087392 | ||
| 040 | _cn | ||
| 082 | _a747.05 B872 2019 | ||
| 245 |
_aThe handbook of interior architecture and design / _cGraeme Brooker (Editor), Lois Weinthal (Editor) |
||
| 260 | _bBloomsbury Academic, London [England], 2019 | ||
| 300 | _a676 pages, 24 cm. | ||
| 650 | _zInterior architecture l Interior decoration | ||
| 942 |
_2ddc _cBK-EN _n0 |
||
| 999 |
_c6820 _d6820 |
||